| 000 | 00569nam a22001937a 4500 | ||
|---|---|---|---|
| 999 |
_c169524 _d169524 |
||
| 005 | 20201116162151.0 | ||
| 010 | _aENG-126982 | ||
| 020 |
_a9788171921744 _c900.00 |
||
| 035 | _aEN-110514 | ||
| 037 | _bDBAD/PUB | ||
| 082 | _a616.852 | ||
| 100 | _aNagpurkar, Jyoti J. | ||
| 245 |
_aDepression in women : _ba psycho- social perspective / _cby Jyoti J. Nagpurkar |
||
| 260 |
_aNagpur _bDattsons _c2019 |
||
| 270 |
_aJ.Nehru Marg, Sadar _bNagpur _e440001 |
||
| 300 |
_a175p.. _c21cm(Hb) |
||
| 500 | _aIncludes index | ||
| 942 |
_2ddc _cEN _h616.85 _mNAG |
||